000 00418nam a2200181Ia 4500
005 20250423095009.0
008 250422s9999 xx 000 0 und d
020 _a9782492868
050 _aPR 9387.9 .O37 .D37/
100 _aOkorie, Uchegbulem
245 0 _aDate with destiny
260 _aLagos
260 _bUniversity press ltd
260 _c2004
300 _a180 p
650 _aLiterature
942 _cBK
999 _c28922
_d28922